000 00887nam a2200289 i 4500
001 000033432
003 DO-SdBNP
005 20251031102746.0
007 ta
008 110829s1976 dr 000 p spa d
040 _aDO-SdBNP
_bspa
_cBNPHU
_erda
041 _aspa
082 4 _aRD861.4408
_bC117o
_222
100 1 _aCabral, Manuel Del,
_d1907-1999
_eautor
_4aut.
_923556
245 1 0 _aObra poética completa de Manuel del Cabral /
_cManuel del Cabral.
250 _aPrimera edición
264 1 _aSanto Domingo :
_bAlfa y Omega,
_c1976.
300 _a609 páginas
_c21 cm.
336 _atexto
_btxt
_2rdacontent
337 _asin mediación
_bn
_2rdamedia
338 _avolumen
_bnc
_2rdacarrier
590 _aInventariado, 2022/MFF
650 4 _aPoesía dominicana
_966
650 4 _aLiteratura dominicana.
_967
910 _aValidado. Control de calidad MFF
942 _2ddc
_cLBS1
999 _c32923
_d32923